Responses for Show #4148 - Wednesday, September 18, 2002

2002 Back to School Week game 3.

Contestants

[<< previous game]

Gracie Studdard, a 12-year-old from Locust Grove, Georgia

Jimmy McKew, an 11-year-old from Portland, Maine

Kunle DeMuren, a 12-year-old from Virginia Beach, Virginia

[next game >>]

Jeopardy! Round responses

ARTS & CRAFTS
RECENT MOVIES
4-LETTER WORDS
MARCO POLO
THEME PARK FUN
SOUNDS GOOD TO ME
    $200 19
clay

Kunle
    $200 4
Scooby-Doo

Gracie
    $200 8
a wand

Gracie
    $200 29
[The end-of-round signal sounds.]

China

Gracie
    $200 11
a carousel

Gracie
    $200 6
[The music plays to the end with no response. Alex says: "We're looking for the ceremony."]
(Kunle: What is the inauguration ceremony?)

a wedding

Kunle
Triple Stumper
    $400 23
a piƱata

Kunle
    $400 5
Men in Black II

Gracie
    $400 24
a knee

Jimmy
    $400 12
Buzz Lightyear

Jimmy
    $400 7
ping pong

Jimmy
    $600 22
tie-dye

Kunle
    $600 3
The Scorpion King

Gracie
    $600 28
tofu

Triple Stumper
    $600 18
coal

Gracie
    $600 13
(Kunle: What is Dallas?)

Houston

KunleJimmy
    $600 9
a cricket

Jimmy
    $800 21
Japanese

Gracie
    $800 2
(Kunle: Who is [*]?)
[Strictly speaking, Stuart Little 2 was the sequel.]

Stuart Little

Kunle
    $800 27
(Jimmy: What is a sled?)

slay

JimmyGracie
    $800 16
Khan

Kunle
    $800 14
Camelot

Kunle
    $800 10
a bugle

Gracie
    $1000 20
a geodesic dome

Kunle
    $1000 1
Hayden Christensen

Kunle
    $1000 26
an ally

Gracie
    $3,600 17
the North Star

Kunle
    $1000 15
Busch Gardens

Kunle
    $1000 25
a horse race

Kunle

Scores at the first commercial break (after clue 15):

Kunle Jimmy Gracie
$2,800 $2,000 $2,400

Scores at the end of the Jeopardy! Round:

Kunle Jimmy Gracie
$10,400 $1,600 $5,800

Double Jeopardy! Round responses

CARTS & RAFTS
U.S. PRESIDENTS
SPORTS MASCOTS
IT HAPPENED IN EUROPE
WHAT'S UP, DOC?
"J" & "K"
(Alex: Each correct response will contain a "J" & a "K".)
    $400 18
pole

Triple Stumper
    $400 10
Andrew Jackson

Kunle
    $400 15
the Washington Wizards

Kunle
    $400 17
moons

Gracie
    $400 8
tonsils

Jimmy
    $800 19
the French Revolution

Kunle
    $800 4
Thomas Jefferson

Kunle
    $800 14
the (Miami) Dolphins

Jimmy
    $800 16
Christopher Columbus

Kunle
    $800 9
IV

Kunle
    $1200 20
Huckleberry Finn

Kunle
    $1200 3
(Kunle: Who is Richard Nixon?)

Gerald Ford

KunleJimmy
    $1200 13
the (Colorado) Avalanche

Jimmy
    $1200 7
lances

Gracie
    $1200 23
blood pressure

Jimmy
    $1200 24
(Alex: A minute to go now.)

jawbreakers

Jimmy
    $5,000 21
shopping cart

Kunle
    $1600 2
(Gracie: Who is Franklin Roosevelt?)

Woodrow Wilson

JimmyGracie
    $1600 12
the Montreal Expos

Jimmy
    $1600 5
Athens

Kunle
    $10,000 28
[The end-of-round signal sounds.]

radiation

Kunle
    $1600 25
junk food

Kunle
    $2000 22
(Kunle: What is papyrus?)
(Jimmy: [no response])
(Gracie: What is beechwood?)

balsa

KunleJimmyGracie
Triple Stumper
    $2000 1
Eisenhower

Jimmy
    $2000 11
South Korea

Kunle
    $2000 6
Germany

Kunle
    $2000 27
(Gracie: What is immunity... immunization?)

vaccine

KunleGracie
    $2000 26
jukebox

Kunle

Scores at the end of the Double Jeopardy! Round:

Kunle Jimmy Gracie
$38,600 $10,800 $1,800
(lock game)

[wagering suggestions for these scores]

Final Jeopardy! Round responses

THE 7 ANCIENT WONDERS
(Alex: $49,000 by a 12-year-old--just $1,000 short of the all-time one-day record on Jeopardy!)
GracieWhat is the Pyramids?
$0
JimmyWhat is the Pyramids?
$7,100
KunleWhat are the Pyramids of Giza?
$10,400
the Pyramids

Final scores:

Kunle Jimmy Gracie
$49,000 $17,900 $1,800
Winner: $49,000 + a computer 2nd place: $2,000 + a computer 3rd place: $1,000 + a computer

Game dynamics:

Coryat scores:

Kunle Jimmy Gracie
$24,200 $10,800 $1,800
26 R
(including 3 DDs),
4 W
14 R,
2 W
13 R,
3 W

Combined Coryat: $36,800

[game clues] [game scores] [suggest correction]

Game tape date: 2002-07-22
The J! Archive is created by fans, for fans. Scraping, republication, monetization, and malicious use prohibited; this site may use cookies and collect identifying information. See terms. The Jeopardy! game show and all elements thereof, including but not limited to copyright and trademark thereto, are the property of Jeopardy Productions, Inc. and are protected under law. This website is not affiliated with, sponsored by, or operated by Jeopardy Productions, Inc. Join the discussion at JBoard.tv.